000 01171nam a2200325 i 4500
001 197895
003 ES-MaACL
005 20251212063023.0
007 ta
008 251024s2025 sp |||||| 001 1 spa|
017 _aM 5743-2025
_bOficina Depósito Legal Madrid
020 _a979-13-990057-2-1
040 _aES-MaACL
_bspa
_cES-MaACL
_erda
100 _aPáramo, Lola de
_9242432
_eaut
245 1 0 _aAusente de ángulos /
_cLola de Páramo
264 1 _a[Madrid] :
_bHuerga y Fierro Editores,
_c[2025]
264 4 _a©2025
300 _a65 páginas ;
_c22 cm
336 _atexto
_2rdacontent
337 _asin mediación
_2rdamedia
338 _avolumen
_2rdacarrier
500 _aEjemplar firmado y dedicado por la autora
500 _aÍndice
655 7 _2tgfbne
_9176539
_aPoesías
852 _aES-MaACL
_cDEPO1
_jA-15872
_gDedicatoria autógrafa de la autora
_hDonación: Lola de Páramo
_xEncuadernación rústica con solapas
_9206989
942 _cMONOGRAFIA
_n0
999 _c197895
_d197895